000 01721cam a22004094i 4500
003 PE-LiUPU
005 20250731175644.0
008 150616s r 000 0 d
035 _a(Sirsi) a5667
040 _aPE-LiUPU
_bspa
_cPE-LiUPU
_erda
049 _aPRUA
082 0 4 _a498.4
_bA39
_221
100 1 _aAlbó, Xavier,
_eautor.
245 1 4 _aLos Mil Rostros del Quechua /
_cXavier Albó.
264 1 _aLima :
_bEditorial gráfica Pacific Press S.A.,
_c1974.
300 _a268 páginas :
_bIlustraciones ;
_c24 cm.
336 _atext
_2rdacontent
337 _aunmediated
_2rdamedia
338 _avolume
_2rdacarrier
490 0 _aLengua y Sociedad ;
_v1
504 _aBibliografía 247-268.
505 0 _aMetodología en el trabajo de campo.- Marco teórico.- Dimensiones sociales básicas del bilingüismo en Cochabamba.- Reglas del bilingüismo situacional en Cochabamba.- El idioma según los personajes, el escenario y el tema.- El idioma de las emociones y de la comunicación de masas.- Articulación social.- Los resultados más significativos.
526 _aP145
526 _aP127
526 _aP97
526 _aP35
526 _aP14
526 _aP07
650 0 4 _aQuechua
_zBolivia, Cochabamba.
910 _ajck
_bjvq
_cjck
942 _2ddc
_cBOOK
949 _a498.4 A39
_wDEWEY
_c1
_i39388
_lCCODEBUL1
_mBUL
_p00.00
_r0
_sY
_tBOOK
_u19950927
_xTEOLOGIA
_zUNKNOWN
_0COMPRA
_o.STAFF. Colección General
994 _aC0
_bPEPRU
596 _a1
999 _a498.4 A39
_wDEWEY
_c56720
_i39388
_d56720
_f2021-11-5
_g5
_lCCODEBUL1
_mBUL
_q1
_r0
_sY
_tBOOK
_u2015-6-16
_xBIBLIOTECA
_zUNKNOWN
_0COMPRA
_o.STAFF. Colección General
980 _81
_gALBERTO SANCHEZ Responsable de Automatización